| 000 | 00605nam a2200217 a 4500 | ||
|---|---|---|---|
| 005 | 20240903063710.0 | ||
| 008 | 991125s1989 bar 000 0 spa u | ||
| 020 | _a8432986062 | ||
| 035 | _aUPN01000009744 | ||
| 049 | _aCG | ||
| 050 | 4 |
_aBF199 _bP4.4 1989 |
|
| 100 | 1 | _aPearson, Craig | |
| 245 | 1 | 0 |
_aCómo resolver conflictos en clase / _cCraig Pearson. |
| 260 |
_aBarcelona (Esp.) : _bCEAC, _c1989. |
||
| 300 |
_a93 p. : _bil. |
||
| 440 | 0 | _aAula práctica | |
| 650 | 4 |
_aClase escolar _910832 |
|
| 650 | 4 |
_aConducta (Psicología) _94460 |
|
| 650 | 2 |
_aConflicto (psicología) _911587 |
|
| 905 | _aLibro | ||
| 999 |
_c9744 _d9744 |
||